000 00568nam a2200217 a 4500
001 23223
003 CO-ViMGA
008 141112s2004 ck r 000 u spa d
020 _a9584217615
040 _aCO-ViMGA
_bspa
_cCO-ViMGA
082 0 4 _aCo863.6 Q84e
100 1 _aQuiroz, Fernando
_954206
245 1 0 _aEsto huele mal
260 _aColombia :
_bPlaneta,
_c2006
300 _a181 p.
490 _aLetras colombianas de hoy
650 1 4 _aAdulterio - Novela
_928476
650 1 4 _aAmor - Novela
_92654
650 1 4 _aNovela colombiana
_91193
942 _2ddc
_cBK
999 _c31469
_d31469